| 000 | 00593nam a22001817a 4500 | ||
|---|---|---|---|
| 999 |
_c331033 _d331033 |
||
| 003 | NUST | ||
| 005 | 20180117090030.0 | ||
| 008 | 170829b xxu||||| |||| 00| 0 eng d | ||
| 020 | _a9780415304214 | ||
| 040 | _cNUST | ||
| 082 | _a370.72 | ||
| 100 |
_aO'Donoghue,Tom & Punch Keith _94434 |
||
| 245 |
_aQualitative educational research in action _bDoing and reflecting |
||
| 260 |
_aCanada _bRoutledge _c2003 |
||
| 300 | _a209p | ||
| 942 |
_2ddc _cBK |
||